000 00396 a2200121 4500
090 _c6549
_d6549
100 _aIBM
245 _aIntroduction to web services development using IBM websphere studio V5.1.1 (Student Exercises)
_cIBM
260 _aUSA :
_bInternational Business Machines Corporation,
_c2004.
300 _aviii, 61 p. :
_bill. ;
_c27 cm.
500 _aIBM Manual
942 _cBK
_k005.376 IBM
999 _c10380
_d10380